00768nam a22002177a 450000500170000001000150001702000260003203500130005803700130007108200160008410000240010024500880012426000360021227000680024830000240031650000420034050000510038265000310043365000310046471000550049520130617112332.0 aENG-107488 a9789380502618c165.00 aEN-91021 bDBAD/PUB a327.1010954 aNayudu, Swapna Kona aDefence cooperation :cby Swapna Kona Nayudubpursuing India's national interests / aNew DelhibK W Publishersc2011 a4676/21, First Floor, Ansari Road, DaryagangbNew Delhie110002 aix, 90p.c22cm(pbk) a Includes bibliographical references. a "Centre for Land Warfare Studies, New Delhi." a National securityzIndia. a National interestzIndia. aCentre for Land Warfare Studies (New Delhi, India)